|
|
|
|
| LEADER |
01143nam a22003134a 4500 |
| 001 |
34641 |
| 003 |
BD-DhAAL |
| 005 |
20190509105118.0 |
| 008 |
190509r20182011maua b 001 0 eng d |
| 999 |
|
|
|c 40731
|d 40731
|
| 010 |
|
|
|a 2009044311
|
| 020 |
|
|
|a 9781259025761
|
| 020 |
|
|
|a 1259025764
|
| 020 |
|
|
|a 9780073383149 (hdbk. : alk. paper)
|
| 040 |
|
|
|a DLC
|c DLC
|d DLC
|d BD-DhAAL
|
| 050 |
0 |
0 |
|a QA241
|b .B83 2010
|
| 082 |
0 |
0 |
|a 512.72
|2 22
|
| 100 |
1 |
|
|a Burton, David M.
|9 31568
|
| 245 |
1 |
0 |
|a Elementary number theory /
|c David M. Burton.
|
| 250 |
|
|
|a Seventh edition
|
| 260 |
|
|
|a Boston :
|b McGraw-Hill, Higher Education,
|c c2011 [reprinted 2018]
|
| 300 |
|
|
|a xii, 436 pages :
|b illustrations ;
|c 24 cm.
|
| 504 |
|
|
|a Includes bibliographical references and index.
|
| 526 |
|
|
|a MNS
|
| 541 |
|
|
|a Mullick & Brothers
|e 34641
|
| 650 |
|
0 |
|a Number theory.
|9 31569
|
| 852 |
|
|
|a Ayesha Abed Library
|c General Stacks
|
| 942 |
|
|
|2 ddc
|c BK
|
| 952 |
|
|
|0 0
|1 0
|2 ddc
|4 0
|6 512_720000000000000_BUR
|7 0
|9 65416
|a BRACUL
|b BRACUL
|c GEN
|d 2019-04-24
|e Mullick & Brothers
|g 810.00
|l 7
|m 61
|o 512.72 BUR
|p 3010034641
|q 2026-05-19
|r 2026-02-01
|s 2026-02-01
|t 1
|v 810.00
|w 2019-04-24
|y BK
|